• 首页
  • 本馆介绍
  • 公告通知
  • 最新文献
  • 馆藏检索
  • 电子资源
  • 读者导购
  • 参考咨询
  • 我的图书馆
  • 登录
  • 详细信息显示
  • 放入我的书架
  • 预约/预借图书
  • 作者相关作品
  • 分类相关作品
  • 丛书相关作品
  • 出版社相关作品

书目信息

  • 表格格式
  • 工作单格式
  • 卡片格式
题名:
线摄影测量
    
 
作者: 周国清 著 ;李德仁 主编
分册:  
出版信息: 北京   科学出版社  2017.7
页数: 189页
开本: 26cm
丛书名: 地球观测与导航技术丛书
单 册:
中图分类: P23
科图分类:
主题词: 摄影测量学--研究
电子资源:
ISBN: 978-7-03-052091-3
000 01075nam 2200277 450
001 0400009192
005 20171119103848.0
010    @a978-7-03-052091-3@dCNY99.00
100    @a20171018d2017 em y0chiy50 ea
101 0  @achi
102    @aCN@b110000
105    @aa az 000yy
106    @ar
200 1  @a线摄影测量@Axian she ying ce liang@f周国清著@g李德仁主编
210    @a北京@c科学出版社@d2017.7
215    @a189页@c图@d26cm
225 2  @a地球观测与导航技术丛书@f李德仁主编
300    @a“十二五”国家重点图书出版规划项目
330    @a本书从分析CAD模型与视觉模型入手,提出工业物体三维自动测量和重建的线摄影测量理论,包括线摄影测量理论用于目标体系(包括由直线、二次曲线、相交线、自由曲线组成)、复杂工业零件(包括体素相对模型坐标系只存在平移、只存在旋转,以及同时存在平移和旋转三种情况)三维测量和重建的数学模型。
410  0 @12001 @a地球观测与导航技术丛书
606 0  @a摄影测量学@x研究
690    @aP23@v5
701  0 @a周国清@Azhou guo qing@4著
702  0 @a李德仁@Ali de ren@4主编
801  0 @aCN@b上海新华@c20171119
905    @b1028567-71@dP23@e261@f5
    
    线摄影测量/周国清著/李德仁主编.-北京:科学出版社,2017.7
    189页:图;26cm.-(地球观测与导航技术丛书/李德仁主编)
    “十二五”国家重点图书出版规划项目
    
    ISBN 978-7-03-052091-3:CNY99.00
    本书从分析CAD模型与视觉模型入手,提出工业物体三维自动测量和重建的线摄影测量理论,包括线摄影测量理论用于目标体系(包括由直线、二次曲线、相交线、自由曲线组成)、复杂工业零件(包括体素相对模型坐标系只存在平移、只存在旋转,以及同时存在平移和旋转三种情况)三维测量和重建的数学模型。
●
相关链接 在E读中查询图书 在五车中查询图书 在当当中查询图书 在豆瓣中查询图书


正题名:线摄影测量     索取号:P23/261         预约/预借

序号 登录号 条形码 馆藏地/架位号 状态 备注
1 1028567   210285671   第二样本阅览室/ [索取号:P23/261] 在馆    
2 1028568   210285680   密集书库-生命科学系/ [索取号:P23/261] 在馆    
3 1028569   210285699   第三借阅区/ [索取号:P23/261] 在馆    
4 1028570   210285706   第三借阅区/ [索取号:P23/261] 在馆    
5 1028571   210285715   第三借阅区/ [索取号:P23/261] 在馆    
唐山师范学院图书馆 欢迎您!
大连网信软件有限公司© 版权所有